1987 1497 1536 1994 1739 1799 1571 1814 1516 1830 1329 1800 1363 1721 1098 1012 1772 1928 1063 1734 1766 1267 1407 1486 1829 1729 1955 1178 1337 1126 1911 1521 1648 1990 1370 1513 1256 1472 1861 1586 1274 1848 1844 1547 1926 1616 1812 1518 1586 1169 1230 1091 1462 1150 1523 1013 1050 1025 1887 1074 1245 1649 1828 1515 1673 1370 1367 1389 1025 1152 1275 1345 1026 1221 1943 1727 1987 1244 1542 1229 1443 1118 1060 1640 1047 1634 1958 1649 1348 1899 1166 1478 1001 1968 1481 1758 1796 1735 1384 BCNSPRNW ULIB Ver.6.0+V

เปลี่ยนเป็นภาษาไทย

Change to English
 แสดงรายละเอียดบรรณานุกรม
  กลับหน้าหลัก

Brief Record : Get Marc (ISO 2709) : E-mail record : QR code < ปิดหน้าต่าง
LEADER : 00000nam 2200000uu 4500
001    13399114129
003     ULIB
008    110627s||||||||th 000 0 tha d
020    9786167010236
090    นว.^bจ718ก 2553
100 0  เจนีน ฟรอสต์
245 00 ก้าวย่างลง(หลุม)รัก/^cเจนีน ฟรอสต์
250    พิมพ์ครั้งที่ 1
260    กรุงเทพฯ :^bดอกหญ้า,^c2553
300    374 หน้า
710 1  ดอกหญ้า
945    ^p280^l0^i028101
995    ทศพร
999 ^a ใช้งานได้ทุกระบบ
รายการนี้ยังไม่มีแท็ก
คุณยังไม่ได้ล็อกอิน คุณสามารถมีกิจกรรมร่วมกับเว็บไซต์ได้ แต่ต้องล็อกอินก่อน ::
  ล็อกอิน

รายการสื่อสารสนเทศ

ลำดับที่ ประเภท เลขเรียก/บาร์โค้ด สถานที่ สถานะ
1. นวนิยาย
นวนิยาย
นว. จ718ก 2553 ฉ.1 
  Barcode: 028101
ห้องสมุดวิทยาเขตสวรรค์ประชารักษ์
►นวนิยาย
บนชั้น
  ขอยืม

BibComment


ยังไม่เคยถูกคอมเมนท์

คอมเมนท์ทรัพยากรรายการนี้
  คอมเมนท์: ก้าวย่างลงหลุมรัก..


 Copyright 2026. Bcnsprnw @Library